Zips. Mohawk Valley by Herkimer NY. Match. Quiz Stats

Quiz not verified by Sporcle

Score 0/14 Timer 02:00
0 Plays Today
% Correct
Saint Johnsville
100%
Sprakers
100%
Fort Plain
100%
Nelliston
100%
Canajoharie
100%
Palatine Bridge
100%
Dolgeville
98.2%
% Correct
Middleville
98.2%
Newport
98.2%
Herkimer
98.2%
Mohawk
96.4%
Little Falls
94.6%
Salisbury Center
92.9%
Stratford
92.9%

You're not logged in!

Compare scores with friends on all Sporcle quizzes.
Join for Free
OR
Log In

You Might Also Like...

Show Comments

Extras

Top Quizzes Today


Score Distribution

Your Account Isn't Verified!

In order to create a playlist on Sporcle, you need to verify the email address you used during registration. Go to your Sporcle Settings to finish the process.

Report this User

Report this user for behavior that violates our Community Guidelines.

Details: